On a Problem of Pisier

Uložené v:
Podrobná bibliografia
Hlavný autor: Nešetřil, Jaroslav
Médium: Kniha
Jazyk:English
Vydavateľské údaje: Bonn Inst. für Ökonometrie und Operations Research [1988]
Vydanie:1. ed.
Edícia:Report No.87488 - OR
Tagy: Pridať tag
Žiadne tagy, Buďte prvý, kto otaguje tento záznam!

MARC

LEADER 00000nam a2200000 4500
001 c035425
005 20250606104904.9
041 0 |a eng 
044 |a DE 
245 1 0 |a On a Problem of Pisier  |c Jaroslav Nešetřil 
250 |a 1. ed. 
264 1 |a Bonn  |b Inst. für Ökonometrie und Operations Research  |c [1988] 
490 1 |a Report  |v No.87488 - OR 
830 0 |a Report  |v No.87488 - OR 
100 1 |a Nešetřil, Jaroslav